| 000 | 00457nam a2200193Ia 4500 | ||
|---|---|---|---|
| 008 | 170918s9999 xx 000 0 und d | ||
| 020 | _a9780385512725 | ||
| 050 | _bH313i 2006 | ||
| 100 | _aHarris, E. Lynn | ||
| 245 | _aI say a little prayer / | ||
| 245 | _cby E. Lynn Harris. | ||
| 250 | _aFirst edition | ||
| 260 | _aUSA : | ||
| 260 | _bDouble Day, | ||
| 260 | _c2006 | ||
| 300 | _a293 pages : | ||
| 300 | _billustrations ; | ||
| 300 | _c20cm. | ||
| 999 |
_c343632 _d343632 |
||